Statistics for Central Europe

Click here to take the quiz!

General Stats

  • This quiz has been taken 14 times
  • The average score is 8 of 9

Answer Stats

hintAnswer% Correct
10,65milCzech Republic
100%
8,859milAustria
93%
9,773milHungary
93%
37,97milPoland
93%
5,45milSlovakia
93%
83,02milGermany
86%
2,081milSlovenia
86%
8,545milSwitzerland
79%
38 378Lichtenstein
29%

Score Distribution

Percentile by Number Answered

Percent of People with Each Score

Your Score History

You have not taken this quiz